Municipios de Arauca - Map Quiz - Estadísticas

Estadísticas generales
  • Esta prueba ha sido intentada 445 veces
  • La puntuación promedio es 6 de 7
Respuestas en el mapa
Las respuestas están codificadas por una escala verde-roja en el mapa de la prueba según el % correcto abajo.
 
Estadísticas de respuestas
Respuesta % Correcto
ARAUCA
98%
ARAUQUITA
94%
TAME
87%
SARAVENA
80%
FORTUL
67%
CRAVO NORTE
65%
PUERTO RONDON
62%
No se encontraron pruebas coincidentes
Distribución de puntuación
Porcentaje de gente con cada puntuación
Porcentaje por número respondido
Historial de tus puntuaciones
No has intentado esta prueba.